Most Populated Nations In 1500 - Statistics

General Stats
  • This quiz has been taken 70 times
  • The average score is 6 of 12
Answer Stats
Population Country % Correct
125 million Ming Dynasty
98%
15 million Kingdom of France
94%
11 million Ottoman Empire
92%
8 million Ashikaga Shogunate
86%
8.5 million Spainish Empire
83%
16 million Holy Roman Empire
56%
7.5 million Polish-Lithuanian Union
47%
12 million Inca Empire
45%
20 million Delhi Sultanate
11%
16 million Bengal Sultanate
8%
8 million Joseon
3%
18 million Vijayanagara Empire
3%
No matching quizzes found
Score Distribution
Percent of People with Each Score
Percentile by Number Answered
Your Score History
You have not taken this quiz